| 000 | 01284nam a22003617a 4500 | ||
|---|---|---|---|
| 999 |
_c200453796 _d72008 |
||
| 001 | 200453796 | ||
| 003 | TR-AnTOB | ||
| 005 | 20230803153141.0 | ||
| 007 | ta | ||
| 008 | 030823s2018 tu ab j 001 0 tur d | ||
| 020 | _a9786059674140 | ||
| 040 |
_aTR-AnTOB _beng _erda _cTR-AnTOB |
||
| 092 |
_a030 _bMULl 2018 |
||
| 100 | 1 |
_aMullenheim, Sophie de, _eauthor _d1974- _9142709 |
|
| 240 | 1 | 0 | _aMa baby encyclopedie larousse: comment? |
| 245 | 1 | 0 |
_aLarousse ansiklopedim : _bnasıl yapılır? / _cSophie de Mullenheim ; Çizimler: Camille Tisserand ve diğerleri ; Çeviri: Yasemin Tanbi. |
| 250 | _a3. baskı | ||
| 264 | 1 |
_aAnkara : _bAlmidilli Yayınları, _c2018. |
|
| 300 |
_a61, [10] pages : _billustrations ; _c28 cm. |
||
| 336 |
_2rdacontent _atext _btxt |
||
| 337 |
_2rdamedia _aunmediated _bn |
||
| 338 |
_2rdacarrier _avolume _bnc |
||
| 500 | _a"Çıkartmalı" --k. | ||
| 653 |
_aAnsiklopedi _aÇocuk ansiklopedisi _aHayat _aEvren |
||
| 700 | 1 |
_aTisserand, Camille _eillustrator _9142710 |
|
| 700 | 1 |
_aVerhille, Sophie _eillustrator _9142711 |
|
| 700 | 1 |
_aVoyer, Marie _eillustrator _9142712 |
|
| 700 | 1 |
_aLapeyre, Emilie _eillustrator _9142713 |
|
| 700 | 1 |
_aTanbi, Yasemin _etranslator _9139965 |
|
| 942 |
_2ddc _cBK |
||